| 000 | 01241nam a22002657a 4500 | ||
|---|---|---|---|
| 999 |
_c7774 _d7774 |
||
| 003 | AR-CdUCM | ||
| 008 | 190321b ||||| |||| 00| 0 esp d | ||
| 040 |
_aMUNICIPALIDAD PROVINCIAL DEL CUSCO _cBIBLIOTECA MUNICIPAL DEL CUSCO |
||
| 082 |
_a333.38 / _bC532 |
||
| 245 | _aPropuesta de agricultura orgánica para la sierra / | ||
| 260 |
_aLima : _bIdeas, _bCONSYTEC _c1989. |
||
| 300 |
_a246 pagina ; _c20 cm. |
||
| 500 | _aPonencias y conclusiones presentadas al Curso Taller Agricultura Alternativa y Desarrollo Rural, realizado entre el 10 y el 14 de setiembre de 1988 en San Marcos, Cajamarca. | ||
| 505 | _aDesarrollo rural y agricultura alternativa -- La propuesta de agricultura y promoción alternativa del centro ideas -- La participación de al organización campesina en los proyectos de desarrollo rural -- Relacion de participantes. | ||
| 650 |
_aProyectos de desarrollo agrícola _921964 |
||
| 650 |
_aParticipación (Campesinos) _912679 |
||
| 650 |
_aAgricultura orgánica _921965 |
||
| 700 |
_aChávez Achong, Julio, _921966 |
||
| 700 |
_aSánchez, Pablo. _921967 |
||
| 700 |
_aPeralta, Luis. _921968 |
||
| 700 |
_aRamírez, Segundo _921969 |
||
| 700 |
_aFigueroa Felipe. _921970 |
||
| 942 |
_2ddc _cLIBROS |
||
| 945 | _aacrt | ||